000 00408nam a2200169Ia 4500
001 1597
003 IN-NITTTR
005 20251114232917.0
008 251113s9999||||xx |||||||||||||| ||eng||
040 _beng
040 _cIN-NITTTR
041 _aeng
082 _a658.56 N551P
100 _aNiece, E. H. Mac
245 0 _aProduction forecasting, planning and control /
_cNiece, E. H. Mac
942 _2ddc
_cBK
999 _c2185
_d2185